| 000 | 00865 a2200181 4500 | ||
|---|---|---|---|
| 003 | Nust | ||
| 005 | 20230620145924.0 | ||
| 020 | _a691650 | ||
| 040 | _cNust | ||
| 082 | _a310,BLA | ||
| 100 |
_aBlackwell,David _9113182 |
||
| 245 |
_aBasic Statistics / _cDavid Blackwell |
||
| 260 |
_aNew York _bmcGraw Hill _c1969 |
||
| 300 | _av,143. p.; | ||
| 505 | _aProbability (Page-1), Variables (Page-12), Densities (Page-19),Mean (Page-26), Variance (Page-36), Worth of a Predictor (Page-46), Correlation (Page-51), Multiple and Partial Correlation (Page-59), Independence (Page-64), Binomial Distribution (Page-72),Normal Approximation (Page-80), Inference (Page-88), Inference About Proportions I (Page-96), Inference About Proportions II (Page-102), Independent Proportions (Page-108), CHI Square (Page-114). | ||
| 650 |
_aBasic Statistics _9113183 |
||
| 942 |
_2ddc _cBK |
||
| 999 |
_c184887 _d184887 |
||